000 01304nam a2200337 i 4500
001 25416
003 KOSZ 005
005 20200630132830.0
008 071103s1971 pl a f 001 0 pol
015 _aPB 1971/11504
035 _a(OCoLC)749463332
040 _aWA N
_cWA N
_dKOSZ 005/KK
041 1 _apol
_hrus
080 _a541.1
100 1 _aPoltorak, Oles' Mihaljlovič.
_eAutor.
245 1 0 _aZarys teorii katalizy w układach niejednorodnych /
_cO. M. Połtorak ; tłumaczenie Hanna Kołakowska-Rembertowicz.
246 1 _iTytuł oryginału:
_aLekcii po teorii geterogennogo kataliza.
260 _a[Warszawa] :
_bPaństwowe Wydawnictwo Naukowe,
_c1971.
300 _a195, [1] stron :
_bilustracje, errata ;
_c23 cm.
336 _2rdacontent
_aTekst
_btxt
337 _2rdamedia
_aBez urządzenia pośredniczącego
_bn
338 _2rdacarrier
_aWolumin
_bnc
380 _aKsiążki.
504 _aBibliografia na stronach 188-[191]. Indeks.
650 4 _aKataliza heterogeniczna
658 _aInżynieria i technika
700 1 _aKołakowska-Rembertowicz, Hanna
_eTłumaczenie
710 _aPaństwowe Wydawnictwo Naukowe
_4pbl.
856 _uhttp://koha.tu.koszalin.pl/cgi-bin/koha/opac-detail.pl?biblionumber=25416
_yKatalog online BPK
942 _2UKD
_cKA
999 _c25416
_d25416